000 00366 a2200169 4500
001 184898
020 _a85-322-0594-1
040 _cMagnum
100 _aRocha, Ruth
240 1 0 _aA decisão do campeonato
_lpor
245 1 0 _aA decisão do campeonato
300 _a30
362 0 _a1999
440 1 _aFTD
697 _aLITERATURA INFANTO-JUVENIL
942 _cBK
999 _c184898
_d184898